000 01225nas a22002297a 4500
001 K121248
007 ta
008 200330b2020 ||||| |||| 00| 0 eng d
041 _aeng
100 _aHooper, Brendon
245 _aContinuing Professional Development
260 _c2020
490 _aRICS Modus
_vFebruary 2020, 22-26(5)
520 _ainterviews with five RICS change-makers about the work the organisation is doing to build a future proof profession. Ian Jeal, Director of Education and Qualification Standards, talks about career paths and qualification pathways are adapting. Christine O'Rourke, Head of Conduct Standards, talks about how ethical standards are reflecting technological change. Richard Collins, Executive Director for the Profession, looks as how the CPD framework is adapting. Chris Alder, Director of Regulation, looks at how regulation is moving to being a supportive process not just a disciplinary one and Richard Groom, Head of Core Data Products, looks at developments in RICS in-house technical products.
650 _aREGULATION
650 _aQUALIFICATION
650 _aCAREERS
650 _aTRAINING
650 _aCPD
651 _aUnited Kingdom 1973
690 _96277
_aRICS
999 _c121248
_d121248